000 nam a22 a 4500
999 _c3938
_d3938
003 AKMAL
005 20170524124423.0
008 170524s1998 my 00 may d
020 _a9679065561 (kkt.):
_cRM 12.90
040 _aAKMAL
_cAKMAL
049 0 0 _aklpmal
082 0 4 _a899.2333 ANJ
090 0 0 _a899.2333
_bANJ
090 2 0 _bANJ
100 0 _aAnjang Ali,
_d1964-
_97759
245 1 0 _aBila lilin bernyala neon /
_coleh Anjang Ali
260 _aBandar Baru Selayang, Selangor :
_bEdusystem,
_c1998
300 0 0 _avii, 223ms. ;
_c19cm
440 0 _aKoleksi novel lambaian hijrah
_97760
650 0 _aMalay fiction
_92141
942 _2ddc
_cBOOK